تخطي إلى المحتوى
حسابك
تسجيل الخروج
تسجيل الدخول
اللغة
English
Deutsch
Español
Français
Italiano
日本語
Nederlands
Português
Português (Brasil)
中文(简体)
中文(繁體)
Türkçe
עברית
Gaeilge
Cymraeg
Ελληνικά
Català
Euskara
Русский
Čeština
Suomi
Svenska
polski
Dansk
slovenščina
اللغة العربية
বাংলা
Galego
Tiếng Việt
Hrvatski
हिंदी
كل الحقول
العنوان
المؤلف
الموضوع
رقم الطلب
ردمك/تدمد
الوسم
ابحث
بحث متقدم
بحث عن
Ecology of marine invertebrate...
عرض للأخصائي
استشهد بهذا
أرسل هذا بالبريد الإلكتروني
طباعة
تصدير التسجيلة
تصدير إلى RefWorks
تصدير إلى EndNoteWeb
تصدير إلى EndNote
تصدير إلى MARC
تصدير إلى MARCXML
تصدير إلى RDF
تصدير إلى BibTeX
تصدير إلى RIS
أضف إلى المفضلة
Ecology of marine invertebrate larvae
محفوظ في:
التفاصيل البيبلوغرافية
التنسيق:
كتاب
اللغة:
Undetermined
منشور في:
London
CRC Press
1995
الموضوعات:
Ecology
الوسوم:
إضافة وسم
لا توجد وسوم, كن أول من يضع وسما على هذه التسجيلة!
Thư viện lưu trữ:
Trung tâm Học liệu Trường Đại học Cần Thơ
المقتنيات
الوصف
التعليقات
مواد مشابهة
عرض للأخصائي
LEADER
00418nam a2200169Ia 4500
001
CTU_67725
008
210402s9999 xx 000 0 und d
020
|b
143
082
|a
592.092
082
|b
E17
245
0
|a
Ecology of marine invertebrate larvae
260
|a
London
260
|b
CRC Press
260
|c
1995
650
|a
Ecology
910
|a
Năm
980
|a
Trung tâm Học liệu Trường Đại học Cần Thơ
مواد مشابهة
A guide to marine coastal plankton and marine invertebrate larvae
بواسطة: Smith, DeBoyd L.
منشور في: (1977)
Atlas of marine invertebrate larvae
منشور في: (2002)
Marine ecology :
منشور في: (1971)
Marine ecology
منشور في: (2005)
Pollution ecology of estuarine invertebrates
منشور في: (1979)
تحميل...